Żeńskie odpowiedniki męskich imion - Statystyki

Ogólne statystyki
  • Ten quiz został rozwiązany 758 razy
  • Średni wynik to 11 z 12
Statystyki odpowiedzi
Imię męskie Żeński odpowiednik % Poprawnych
Kamil Kamila
100%
Dominik Dominika
99%
Karol Karolina
99%
Wiktor Wiktoria
99%
Adrian Adrianna
98%
Aleksander Aleksandra
98%
Michał Michalina
98%
Emil Emilia
97%
Jan Janina / Joanna
94%
Ireneusz Irena
90%
Julian Julianna
88%
Józef Józefa
78%
Nie znaleziono quizów pasujących do podanych kryteriów
Rozkład punktacji
Procent ludzi z każdym wynikiem
Percentyl według liczby udzielonych odpowiedzi
Twoja historia wyników
Nie rozwiązałeś tego quizu